000 00544nab a2200157Ia 4500
003 ES-SlBCS
005 20210601145419.0
008 140529s1950 xxu||||| |||| 00| 0 spa d
041 _aspa
100 1 _aOrmaechea, José Luis de
_9312052
245 0 0 _aEsquema para los diagnósticos de los biotipos de E. Krestchmer
_c José Luis de Ormaechea, K. Höhne
600 1 4 _aKrestchmer, E.
_9312059
700 1 _aHöhne, K.
_9312060
773 0 _tRevista de Psicologia General y Aplicada
_gvol. 5, nº. 16, 1950, págs. 731-734
_wRev1347
942 _cAR
999 _c724085
_d724085